000 00831nam a2200253Ia 4500
003 OSt
005 20220923214335.0
006 a|||||r|||| 00| 0
007 ta
008 220922b |||||||| |||| 00| 0 hin d
024 _a168,978
037 _cTextual
040 _aARTS
_cARTS
_bhin
041 _2hin
_ahin
082 _aO152,1I83,12:g, L2
100 _aशर्मा, मुंशीराम
245 0 _aभ्रमरगीत भाष्य
246 _aBhramaragīt bhāṣhya
260 _aकानपुर
_b प्रत्यक्ष प्रकाशन
_c1972
300 _a342 पृ.
_ccm.
650 _aहिन्दी साहित्य
_9156264
942 _hO152,1I83,12:g, L2
_cTEXL
_2CC
999 _c323445
_d323445